000 00340pab a2200145 454500
008 180718b2000 xxu||||| |||| 00| 0 eng d
100 _aMckenzie, Ian
245 _aPolicing after Macpherson
260 _c2000
300 _ap.323-40
650 _aPolice - Great Britain
650 _aPolice
773 _aPolice Journal
909 _a47499
999 _c47499
_d47499